Taboo : sex, identity and erotic subjectivity in anthropological fieldwork

Αποθηκεύτηκε σε:
Λεπτομέρειες βιβλιογραφικής εγγραφής
Άλλοι συγγραφείς: Kulick, Don (Επιμελητής έκδοσης), Willson, Margaret (edtf)
Μορφή: Βιβλίο
Γλώσσα:English
Δημοσίευση: London : Routledge, 1995.
Θέματα:
Ετικέτες: Προσθήκη ετικέτας
Δεν υπάρχουν, Καταχωρήστε ετικέτα πρώτοι!

MARC

LEADER 00000cam a2200000 i 4500
001 1/10263
008 950605s1995 eng d
020 |a 0-415-08819-4 
035 |l 10017791 
040 |a GR-MY-UA  |b gre  |e aacr 
041 0 |a eng 
082 0 |a 306.7 
245 1 0 |a Taboo :   |b sex, identity and erotic subjectivity in anthropological fieldwork /   |c edited by Don Kulick and Margaret Willson.  
260 |a London :   |b Routledge,   |c 1995.  
300 |a xvi, 283 σ. ;   |c 24 εκ.  
504 |a Περιλαμβάνει βιβλιογραφικές παραπομπές και ευρετήριο.  
650 0 0 |a Ethnology  |x Fieldwork. 
650 0 0 |a Women anthropologists  |x Sexual behavior. 
650 0 0 |a Gay anthropologists  |x Sexual behavior. 
650 0 0 |a Lesbian anthropologists  |x Sexual behavior. 
650 0 0 |a Sex role. 
650 0 0 |a Gender identity. 
650 0 0 |a Sexual ethics. 
650 0 0 |a Anthropological ethics. 
700 1 |a Kulick, Don,  |e edt 
700 1 |a Willson, Margaret,  |e edtf 
852 |a INST  |b LESVOS  |e 19950605  |h 306.7 TAB  |p 005100011132  |q 005100011132  |t BK  |y 12 
852 |a INST  |b LESVOS  |e 19980126  |h 306.7 TAB  |p 005100015241  |q 005100015241  |t BK  |y 0 
909 |a Λ  |b 049523 
909 |a Λ  |b 052914 
950 |a 045-1996-07-16